Stemmi Squadre di calcio dal dettaglio - Europa - Quiz n°29 - Statistics

Statistiche generali
  • Questo quiz è stato fatto 7 volte
  • Il punteggio medio è 7 su 9
Statistiche sulle risposte
con Immagini Risposta % Corretto
Palermo
100%
Real Madrid
100%
Schalke 04
100%
Ajax
86%
Charlton
71%
Getafe
71%
Vicenza
71%
Alessandria
57%
Aris Salonicco
57%
Nessun quiz corrispondente trovato
Distribuzione punteggi
Percentuale di utenti per punteggio
Percentile per numero di risposta
I tuoi punteggi nel tempo
Non hai fatto questo quiz